00293nam a22000977a 450000500170000000800410001702000200005804000080007824500540008626000550014020200923114303.0200923b ||||| |||| 00| 0 eng d a139780131523593 cCML aWriting Academic English.cOshima, A. & Hogue, A. aUnited States of America bPearson Educationc2006